[Event "DEM U10 2025"]
[Site "Willingen GER"]
[Date "2025.06.12"]
[Round "7"]
[White "Ni, Wilhelm Zeyin"]
[Black "Sriram, Aumkar"]
[Result "0-1"]
[Termination "normal"]
[Board "7"]
[WhiteElo "1654"]
[BlackElo "1517"]
[WhiteClock "00:31:58"]
[BlackClock "01:13:37"]
[PlyCount "72"]
[WhiteFideId "34675337"]
[BlackFideId "33460477"]
[EventCountry "GER"]
[EventRounds "9"]
[EventType "swiss"]
[EventDate "2025.06.07"]

1. e4 {[%clk 01:30:58]} {[%emt 00:00:02]} c5 {[%clk 01:30:54]} {[%emt
00:00:05]} 2. Nf3 {[%clk 01:31:22]} {[%emt 00:00:06]} Nc6 {[%clk 01:31:16]}
{[%emt 00:00:08]} 3. Bb5 {[%clk 01:28:54]} {[%emt 00:02:58]} e6 {[%clk
01:31:39]} {[%emt 00:00:07]} 4. O-O {[%clk 01:29:19]} {[%emt 00:00:04]} Nge7
{[%clk 01:31:58]} {[%emt 00:00:11]} 5. Re1 {[%clk 01:29:46]} {[%emt 00:00:04]}
a6 {[%clk 01:32:13]} {[%emt 00:00:15]} 6. Bf1 {[%clk 01:30:10]} {[%emt
00:00:05]} Ng6 {[%clk 01:32:19]} {[%emt 00:00:24]} 7. d4 {[%clk 01:24:04]}
{[%emt 00:06:37]} cxd4 {[%clk 01:32:27]} {[%emt 00:00:21]} 8. Nxd4 {[%clk
01:24:27]} {[%emt 00:00:07]} Bc5 {[%clk 01:32:47]} {[%emt 00:00:10]} 9. Nb3
{[%clk 01:23:13]} {[%emt 00:01:44]} Bb6 {[%clk 01:33:00]} {[%emt 00:00:16]} 10.
Nc3 {[%clk 01:23:17]} {[%emt 00:00:26]} O-O {[%clk 01:33:17]} {[%emt 00:00:13]}
11. Be3 {[%clk 01:22:30]} {[%emt 00:01:17]} Bxe3 {[%clk 01:33:05]} {[%emt
00:00:42]} 12. Rxe3 {[%clk 01:22:45]} {[%emt 00:00:15]} b5 {[%clk 01:33:13]}
{[%emt 00:00:22]} 13. Nd4 {[%clk 01:10:47]} {[%emt 00:12:28]} Bb7 {[%clk
01:33:02]} {[%emt 00:00:40]} 14. Nxc6 {[%clk 01:06:43]} {[%emt 00:04:34]} dxc6
{[%clk 01:33:18]} {[%emt 00:00:14]} 15. g3 {[%clk 01:02:33]} {[%emt 00:04:41]}
Qb6 {[%clk 01:33:11]} {[%emt 00:00:37]} 16. Bg2 {[%clk 01:01:49]} {[%emt
00:01:13]} Rad8 {[%clk 01:33:07]} {[%emt 00:00:34]} 17. Qe2 {[%clk 01:01:18]}
{[%emt 00:01:02]} c5 {[%clk 01:33:10]} {[%emt 00:00:27]} 18. b3 {[%clk
00:58:50]} {[%emt 00:02:57]} Qd6 {[%clk 01:32:34]} {[%emt 00:01:06]} 19. Rd1
{[%clk 00:58:54]} {[%emt 00:00:26]} Qc7 {[%clk 01:32:26]} {[%emt 00:00:39]} 20.
Red3 {[%clk 00:58:33]} {[%emt 00:00:52]} Ne7 {[%clk 01:28:13]} {[%emt
00:04:42]} 21. Qd2 {[%clk 00:58:15]} {[%emt 00:00:48]} Nc6 {[%clk 01:24:28]}
{[%emt 00:04:15]} 22. Rd7 {[%clk 00:49:38]} {[%emt 00:09:04]} Qb6 {[%clk
01:18:25]} {[%emt 00:06:36]} 23. e5 {[%clk 00:47:01]} {[%emt 00:03:07]} Rxd7
{[%clk 01:14:32]} {[%emt 00:04:23]} 24. Qxd7 {[%clk 00:41:35]} {[%emt
00:05:56]} Rd8 {[%clk 01:13:49]} {[%emt 00:01:12]} 25. Bxc6 {[%clk 00:41:33]}
{[%emt 00:00:32]} Rxd7 {[%clk 01:14:02]} {[%emt 00:00:17]} 26. Bxd7 {[%clk
00:41:55]} {[%emt 00:00:08]} h6 {[%clk 01:14:04]} {[%emt 00:00:28]} 27. a4
{[%clk 00:38:02]} {[%emt 00:04:24]} Qa5 {[%clk 01:13:50]} {[%emt 00:00:43]} 28.
Ne2 {[%clk 00:37:32]} {[%emt 00:01:00]} Bf3 {[%clk 01:13:40]} {[%emt 00:00:40]}
29. Kf1 {[%clk 00:37:41]} {[%emt 00:00:21]} bxa4 {[%clk 01:13:56]} {[%emt
00:00:14]} 30. bxa4 {[%clk 00:38:04]} {[%emt 00:00:07]} Qb4 {[%clk 01:13:55]}
{[%emt 00:00:31]} 31. h3 {[%clk 00:34:47]} {[%emt 00:03:47]} Qe4 {[%clk
01:13:34]} {[%emt 00:00:51]} 32. Rd2 {[%clk 00:31:35]} {[%emt 00:03:43]} Bxe2+
{[%clk 01:12:55]} {[%emt 00:01:07]} 33. Kg1 {[%clk 00:31:37]} {[%emt 00:00:29]}
Bf3 {[%clk 01:13:01]} {[%emt 00:00:24]} 34. Kf1 {[%clk 00:31:41]} {[%emt
00:00:25]} Bg2+ {[%clk 01:13:09]} {[%emt 00:00:22]} 35. Kg1 {[%clk 00:32:07]}
{[%emt 00:00:05]} Bxh3 {[%clk 01:13:18]} {[%emt 00:00:20]} 36. Rd1 {[%clk
00:31:58]} {[%emt 00:00:40]} Qg2# {[%clk 01:13:37]} {[%emt 00:00:11]} 0-1

[Event "DEM U10 2025"]
[Site "Willingen GER"]
[Date "2025.06.12"]
[Round "7"]
[White "Mitin, Maximilian"]
[Black "Stojanoski, Stefan"]
[Result "1-0"]
[Termination "normal"]
[Board "8"]
[WhiteElo "1714"]
[BlackElo "1670"]
[WhiteClock "00:56:06"]
[BlackClock "00:07:22"]
[PlyCount "83"]
[WhiteFideId "533034281"]
[BlackFideId "34632948"]
[EventCountry "GER"]
[EventRounds "9"]
[EventType "swiss"]
[EventDate "2025.06.07"]

1. d4 {[%clk 01:30:54]} {[%emt 00:00:06]} d5 {[%clk 01:30:54]} {[%emt
00:00:07]} 2. c4 {[%clk 01:30:53]} {[%emt 00:00:31]} e6 {[%clk 01:31:20]}
{[%emt 00:00:04]} 3. Nc3 {[%clk 01:30:57]} {[%emt 00:00:25]} Nf6 {[%clk
01:31:25]} {[%emt 00:00:24]} 4. Bf4 {[%clk 01:27:03]} {[%emt 00:04:24]} Bb4
{[%clk 01:29:11]} {[%emt 00:02:44]} 5. cxd5 {[%clk 01:25:40]} {[%emt 00:01:54]}
Nxd5 {[%clk 01:29:31]} {[%emt 00:00:09]} 6. Bd2 {[%clk 01:25:18]} {[%emt
00:00:52]} Bxc3 {[%clk 01:19:14]} {[%emt 00:10:47]} 7. bxc3 {[%clk 01:25:01]}
{[%emt 00:00:47]} Nf6 {[%clk 01:17:24]} {[%emt 00:02:20]} 8. f3 {[%clk
01:23:51]} {[%emt 00:01:41]} O-O {[%clk 01:16:53]} {[%emt 00:01:01]} 9. e4
{[%emt 00:03:08]} b6 {[%clk 01:08:24]} {[%emt 00:06:05]} 10. Bd3 {[%clk
01:23:03]} {[%emt 00:01:34]} Ba6 {[%clk 01:07:12]} {[%emt 00:01:41]} 11. Bg5
{[%clk 01:19:21]} {[%emt 00:04:12]} Bxd3 {[%clk 01:03:21]} {[%emt 00:04:22]}
12. Qxd3 {[%clk 01:19:33]} {[%emt 00:00:18]} Nbd7 {[%clk 01:02:27]} {[%emt
00:01:24]} 13. Rd1 {[%clk 01:19:03]} {[%emt 00:01:00]} Qc8 {[%clk 01:01:48]}
{[%emt 00:01:08]} 14. Ne2 {[%clk 01:16:14]} {[%emt 00:03:19]} h6 {[%clk
00:47:03]} {[%emt 00:15:15]} 15. Bh4 {[%clk 01:13:03]} {[%emt 00:03:41]} c5
{[%clk 00:47:17]} {[%emt 00:00:16]} 16. O-O {[%clk 01:11:03]} {[%emt 00:02:31]}
Rd8 {[%clk 00:39:54]} {[%emt 00:07:53]} 17. Qe3 {[%clk 01:07:27]} {[%emt
00:04:05]} Re8 {[%clk 00:38:53]} {[%emt 00:01:30]} 18. dxc5 {[%clk 01:06:03]}
{[%emt 00:01:55]} Qxc5 {[%clk 00:38:18]} {[%emt 00:01:05]} 19. Qxc5 {[%clk
01:06:03]} {[%emt 00:00:31]} bxc5 {[%clk 00:38:25]} {[%emt 00:00:22]} 20. Rd2
{[%clk 01:04:40]} {[%emt 00:02:06]} g5 {[%clk 00:35:59]} {[%emt 00:02:55]} 21.
Bf2 {[%clk 01:04:34]} {[%emt 00:00:36]} Kf8 {[%clk 00:31:33]} {[%emt 00:04:56]}
22. Rfd1 {[%clk 01:04:32]} {[%emt 00:00:32]} Re7 {[%clk 00:31:47]} {[%emt
00:00:16]} 23. e5 {[%clk 01:03:39]} {[%emt 00:01:24]} Nxe5 {[%clk 00:31:01]}
{[%emt 00:01:17]} 24. Bxc5 {[%clk 01:04:00]} {[%emt 00:00:08]} Ke8 {[%clk
00:30:45]} {[%emt 00:00:45]} 25. Bxe7 {[%clk 01:04:21]} {[%emt 00:00:10]} Kxe7
{[%clk 00:31:12]} {[%emt 00:00:03]} 26. Nd4 {[%clk 01:04:03]} {[%emt 00:00:48]}
Kf8 {[%clk 00:30:12]} {[%emt 00:01:29]} 27. Kf2 {[%clk 01:02:18]} {[%emt
00:02:16]} Nd5 {[%clk 00:29:45]} {[%emt 00:00:56]} 28. Ne2 {[%clk 00:59:01]}
{[%emt 00:03:48]} Nc4 {[%clk 00:28:34]} {[%emt 00:01:41]} 29. Rd4 {[%clk
00:59:09]} {[%emt 00:00:22]} Rc8 {[%clk 00:26:18]} {[%emt 00:02:46]} 30. f4
{[%clk 00:56:22]} {[%emt 00:03:17]} Nce3 {[%clk 00:21:26]} {[%emt 00:05:21]}
31. R1d3 {[%clk 00:55:38]} {[%emt 00:01:15]} gxf4 {[%clk 00:17:55]} {[%emt
00:04:01]} 32. Nxf4 {[%clk 00:55:53]} {[%emt 00:00:15]} Nc2 {[%clk 00:16:45]}
{[%emt 00:01:34]} 33. Ra4 {[%clk 00:55:42]} {[%emt 00:00:47]} Nxc3 {[%clk
00:16:15]} {[%emt 00:01:00]} 34. Rxa7 {[%clk 00:55:00]} {[%emt 00:01:12]} Nb4
{[%clk 00:16:28]} {[%emt 00:00:17]} 35. Rdd7 {[%clk 00:55:02]} {[%emt
00:00:28]} Ne4+ {[%clk 00:10:06]} {[%emt 00:06:52]} 36. Ke3 {[%clk 00:55:16]}
{[%emt 00:00:16]} Ng5 {[%clk 00:09:54]} {[%emt 00:00:41]} 37. h4 {[%clk
00:55:32]} {[%emt 00:00:15]} Nc2+ {[%clk 00:08:49]} {[%emt 00:01:35]} 38. Ke2
{[%clk 00:55:38]} {[%emt 00:00:23]} Ne4 {[%clk 00:07:52]} {[%emt 00:01:29]} 39.
Rxf7+ {[%clk 00:55:15]} {[%emt 00:00:52]} Kg8 {[%clk 00:08:03]} {[%emt
00:00:18]} 40. Rg7+ {[%clk 00:55:40]} {[%emt 00:00:07]} Kf8 {[%clk 00:07:03]}
{[%emt 00:02:02]} 41. Nxe6+ {[%clk 00:56:06]} {[%emt 00:00:05]} Ke8 {[%clk
00:07:22]} {[%emt 00:00:11]} 42. Rg8# {[%emt 00:00:14]} 1-0

[Event "DEM U10 2025"]
[Site "Willingen GER"]
[Date "2025.06.12"]
[Round "7"]
[White "Busch, Jonathan Luis"]
[Black "Blem, Alexander jun."]
[Result "0-1"]
[Termination "normal"]
[Board "9"]
[WhiteElo "1723"]
[BlackElo "1417"]
[WhiteClock "00:58:10"]
[BlackClock "00:18:59"]
[PlyCount "168"]
[WhiteFideId "34664874"]
[BlackFideId "34674926"]
[EventCountry "GER"]
[EventRounds "9"]
[EventType "swiss"]
[EventDate "2025.06.07"]

1. e4 {[%clk 01:30:58]} {[%emt 00:00:01]} c5 {[%clk 01:30:43]} {[%emt
00:00:18]} 2. Nf3 {[%clk 01:31:14]} {[%emt 00:00:13]} d6 {[%clk 01:31:10]}
{[%emt 00:00:04]} 3. Nc3 {[%clk 01:31:31]} {[%emt 00:00:12]} Nf6 {[%clk
01:31:36]} {[%emt 00:00:04]} 4. e5 {[%clk 01:31:48]} {[%emt 00:00:14]} dxe5
{[%clk 01:31:33]} {[%emt 00:00:34]} 5. Nxe5 {[%clk 01:31:57]} {[%emt 00:00:20]}
Nbd7 {[%clk 01:31:17]} {[%emt 00:00:46]} 6. d4 {[%clk 01:32:08]} {[%emt
00:00:19]} Nxe5 {[%clk 01:31:11]} {[%emt 00:00:35]} 7. dxe5 {[%clk 01:32:25]}
{[%emt 00:00:13]} Qxd1+ {[%clk 01:31:36]} {[%emt 00:00:05]} 8. Kxd1 {[%clk
01:32:39]} {[%emt 00:00:17]} Ng4 {[%clk 01:28:35]} {[%emt 00:03:30]} 9. Bb5+
{[%clk 01:32:42]} {[%emt 00:00:27]} Bd7 {[%clk 01:28:25]} {[%emt 00:00:40]} 10.
e6 {[%clk 01:32:52]} {[%emt 00:00:20]} fxe6 {[%clk 01:28:31]} {[%emt 00:00:25]}
11. Bxd7+ {[%clk 01:33:13]} {[%emt 00:00:09]} Kxd7 {[%clk 01:28:41]} {[%emt
00:00:21]} 12. Ke2 {[%clk 01:33:20]} {[%emt 00:00:22]} g6 {[%clk 01:28:18]}
{[%emt 00:00:54]} 13. h3 {[%clk 01:33:19]} {[%emt 00:00:30]} Nf6 {[%clk
01:28:36]} {[%emt 00:00:12]} 14. a4 {[%clk 01:31:25]} {[%emt 00:02:24]} Bg7
{[%clk 01:26:25]} {[%emt 00:02:40]} 15. Rd1+ {[%clk 01:30:35]} {[%emt
00:01:20]} Kc6 {[%clk 01:24:21]} 16. a5 {[%clk 01:27:28]} {[%emt 00:06:11]}
Rad8 {[%clk 01:21:25]} 17. Rxd8 {[%clk 01:22:41]} {[%emt 00:08:43]} Rxd8 {[%clk
01:21:45]} 18. a6 {[%clk 01:21:33]} {[%emt 00:01:49]} b6 {[%clk 01:22:11]} 19.
g4 {[%clk 01:21:30]} {[%emt 00:00:37]} Rf8 {[%clk 01:15:21]} 20. f3 {[%clk
01:13:02]} {[%emt 00:16:17]} Nd5 {[%clk 00:37:29]} 21. Ne4 {[%clk 01:11:51]}
{[%emt 00:40:02]} Bf6 {[%clk 00:36:40]} 22. c3 {[%clk 01:11:35]} {[%emt
00:02:07]} Kb5 {[%clk 00:31:39]} {[%emt 00:05:31]} 23. Kd3 {[%clk 01:09:30]}
{[%emt 00:02:35]} Kc6 {[%clk 00:31:04]} 24. Bh6 {[%clk 01:08:39]} {[%emt
00:02:26]} Rg8 {[%clk 00:29:42]} 25. Bd2 {[%clk 01:07:39]} {[%emt 00:03:21]}
Rd8 {[%clk 00:29:49]} 26. Kc2 {[%clk 01:07:25]} {[%emt 00:01:08]} Rf8 {[%clk
00:24:14]} 27. Bh6 {[%clk 01:07:11]} {[%emt 00:06:49]} Rg8 {[%clk 00:24:33]}
28. Bd2 {[%clk 01:06:37]} {[%emt 00:01:14]} Rd8 {[%clk 00:23:15]} 29. b3 {[%clk
01:06:09]} {[%emt 00:02:47]} Nb4+ {[%clk 00:21:53]} 30. Kd1 {[%clk 01:05:34]}
{[%emt 00:02:56]} Nd5 {[%clk 00:20:41]} 31. Kc2 {[%clk 01:04:56]} {[%emt
00:02:50]} Nb4+ {[%clk 00:20:17]} 32. Kd1 {[%clk 01:03:47]} {[%emt 00:02:33]}
Nd3 {[%clk 00:20:22]} 33. Ke2 {[%clk 01:03:49]} {[%emt 00:00:54]} Ne5 {[%clk
00:20:17]} 34. Bg5 {[%clk 01:02:46]} {[%emt 00:02:08]} Bxg5 {[%clk 00:14:52]}
35. Nxg5 {[%clk 01:02:07]} {[%emt 00:07:03]} h6 {[%clk 00:13:38]} 36. Nxe6
{[%clk 01:01:59]} {[%emt 00:02:22]} Rd6 {[%clk 00:14:04]} 37. f4 {[%clk
00:59:17]} {[%emt 00:03:16]} Rxe6 {[%clk 00:14:26]} 38. fxe5 {[%clk 00:59:36]}
{[%emt 00:00:20]} Rxe5+ {[%clk 00:14:53]} 39. Kd3 {[%clk 00:58:58]} {[%emt
00:01:10]} Re6 {[%clk 00:11:01]} 40. c4 {[%clk 00:55:56]} {[%emt 00:07:55]} b5
{[%clk 00:10:11]} 41. Ra2 {[%clk 00:54:10]} {[%emt 00:03:35]} Re1 {[%clk
00:10:14]} 42. h4 {[%clk 00:53:00]} {[%emt 00:02:08]} Rh1 {[%clk 00:10:37]} 43.
Re2 {[%clk 00:52:36]} {[%emt 00:01:00]} bxc4+ {[%clk 00:10:55]} 44. bxc4 {[%clk
00:52:22]} {[%emt 00:00:57]} Kd6 {[%clk 00:11:04]} {[%emt 00:00:21]} 45. g5
{[%clk 00:51:50]} {[%emt 00:01:02]} Rxh4 {[%clk 00:10:40]} {[%emt 00:00:53]}
46. gxh6 {[%clk 00:52:04]} {[%emt 00:00:17]} Rxh6 {[%clk 00:11:04]} {[%emt
00:00:05]} 47. Rg2 {[%clk 00:52:08]} {[%emt 00:00:26]} e6 {[%clk 00:10:35]}
{[%emt 00:01:00]} 48. Rg5 {[%clk 00:52:02]} {[%emt 00:00:36]} Rh3+ {[%clk
00:10:33]} {[%emt 00:00:31]} 49. Kc2 {[%clk 00:52:11]} {[%emt 00:00:21]} Rh6
{[%clk 00:10:32]} {[%emt 00:00:31]} 50. Kd3 {[%clk 00:51:11]} {[%emt 00:01:31]}
Rh3+ {[%clk 00:10:45]} {[%emt 00:00:17]} 51. Kc2 {[%clk 00:51:32]} {[%emt
00:00:08]} Ra3 {[%clk 00:11:11]} {[%emt 00:00:04]} 52. Rxg6 {[%clk 00:51:46]}
{[%emt 00:00:16]} Rxa6 {[%clk 00:11:31]} {[%emt 00:00:11]} 53. Rg7 {[%clk
00:51:53]} {[%emt 00:00:23]} Ra5 {[%clk 00:11:01]} {[%emt 00:01:00]} 54. Kd3
{[%clk 00:52:08]} {[%emt 00:00:15]} Ra4 {[%clk 00:10:54]} {[%emt 00:00:35]} 55.
Rh7 {[%clk 00:52:01]} {[%emt 00:00:38]} a5 {[%clk 00:10:58]} {[%emt 00:00:28]}
56. Ra7 {[%clk 00:52:23]} {[%emt 00:00:07]} Ke5 {[%clk 00:11:11]} {[%emt
00:00:17]} 57. Rc7 {[%clk 00:52:20]} {[%emt 00:00:33]} Ra3+ {[%clk 00:11:36]}
{[%emt 00:00:05]} 58. Kc2 {[%clk 00:52:21]} {[%emt 00:00:30]} Kd4 {[%clk
00:11:49]} {[%emt 00:00:17]} 59. Kb2 {[%clk 00:52:27]} {[%emt 00:00:24]} Ra4
{[%clk 00:12:03]} {[%emt 00:00:16]} 60. Re7 {[%clk 00:52:32]} {[%emt 00:00:25]}
e5 {[%clk 00:12:26]} {[%emt 00:00:07]} 61. Ra7 {[%clk 00:51:34]} {[%emt
00:01:28]} Kxc4 {[%clk 00:12:26]} {[%emt 00:00:31]} 62. Re7 {[%clk 00:51:30]}
{[%emt 00:00:34]} Kd4 {[%clk 00:12:41]} {[%emt 00:00:14]} 63. Rd7+ {[%clk
00:51:52]} {[%emt 00:00:09]} Ke4 {[%clk 00:12:33]} {[%emt 00:00:37]} 64. Rc7
{[%clk 00:52:16]} {[%emt 00:00:07]} Rc4 {[%clk 00:11:26]} {[%emt 00:01:37]} 65.
Kb3 {[%clk 00:52:29]} {[%emt 00:00:16]} Kd3 {[%clk 00:11:40]} {[%emt 00:00:16]}
66. Rd7 {[%clk 00:52:53]} {[%emt 00:00:07]} Rd4 {[%clk 00:12:06]} {[%emt
00:00:04]} 67. Ra7 {[%clk 00:53:10]} {[%emt 00:00:13]} a4+ {[%clk 00:12:20]}
{[%emt 00:00:16]} 68. Ka3 {[%clk 00:53:29]} {[%emt 00:00:10]} e4 {[%clk
00:12:45]} {[%emt 00:00:06]} 69. Rc7 {[%clk 00:53:48]} {[%emt 00:00:11]} e3
{[%clk 00:12:34]} {[%emt 00:00:40]} 70. Rxc5 {[%clk 00:54:09]} {[%emt
00:00:09]} e2 {[%clk 00:13:02]} {[%emt 00:00:03]} 71. Re5 {[%clk 00:54:11]}
{[%emt 00:00:27]} Kd2 {[%clk 00:13:26]} {[%emt 00:00:07]} 72. Kb2 {[%clk
00:54:18]} {[%emt 00:00:23]} e1=Q {[%clk 00:13:48]} {[%emt 00:00:07]} 73. Rxe1
{[%clk 00:54:44]} {[%emt 00:00:04]} Kxe1 {[%clk 00:14:16]} {[%emt 00:00:03]}
74. Kc3 {[%clk 00:55:06]} {[%emt 00:00:08]} Rd8 {[%clk 00:14:41]} {[%emt
00:00:05]} 75. Kb4 {[%clk 00:55:24]} {[%emt 00:00:12]} Rc8 {[%clk 00:15:07]}
{[%emt 00:00:04]} 76. Ka3 {[%clk 00:55:48]} {[%emt 00:00:06]} Rb8 {[%clk
00:15:32]} {[%emt 00:00:05]} 77. Kxa4 {[%clk 00:55:59]} {[%emt 00:00:18]} Kd2
{[%clk 00:15:58]} {[%emt 00:00:04]} 78. Ka5 {[%clk 00:56:17]} {[%emt 00:00:13]}
Kc3 {[%clk 00:16:23]} {[%emt 00:00:04]} 79. Ka6 {[%clk 00:56:42]} {[%emt
00:00:05]} Kc4 {[%clk 00:16:51]} {[%emt 00:00:02]} 80. Ka7 {[%clk 00:56:50]}
{[%emt 00:00:22]} Rb1 {[%clk 00:17:18]} {[%emt 00:00:03]} 81. Ka8 {[%clk
00:57:08]} {[%emt 00:00:12]} Kc5 {[%clk 00:17:42]} {[%emt 00:00:07]} 82. Ka7
{[%clk 00:57:29]} {[%emt 00:00:09]} Kc6 {[%clk 00:18:09]} 83. Ka8 {[%clk
00:57:50]} {[%emt 00:00:11]} Kc7 {[%clk 00:18:36]} 84. Ka7 {[%clk 00:58:10]}
{[%emt 00:00:14]} Ra1# {[%clk 00:18:59]} {[%emt 00:00:06]} 0-1

[Event "DEM U10 2025"]
[Site "Willingen GER"]
[Date "2025.06.12"]
[Round "7"]
[White "Liu, Jonas"]
[Black "Chanishvili, Noa"]
[Result "1-0"]
[Termination "normal"]
[Board "10"]
[WhiteElo "1645"]
[BlackElo "1552"]
[WhiteClock "00:12:15"]
[BlackClock "00:34:59"]
[PlyCount "109"]
[WhiteFideId "34660941"]
[BlackFideId "34698264"]
[EventCountry "GER"]
[EventRounds "9"]
[EventType "swiss"]
[EventDate "2025.06.07"]

1. e4 {[%clk 01:30:46]} {[%emt 00:00:14]} c6 {[%clk 01:30:49]} {[%emt
00:00:12]} 2. Nf3 {[%clk 01:30:58]} {[%emt 00:00:16]} d5 {[%clk 01:30:56]}
{[%emt 00:00:24]} 3. d3 {[%clk 01:30:57]} {[%emt 00:00:32]} dxe4 {[%clk
01:30:29]} {[%emt 00:00:57]} 4. dxe4 {[%clk 01:30:33]} {[%emt 00:00:55]} Qxd1+
{[%clk 01:30:46]} {[%emt 00:00:13]} 5. Kxd1 {[%clk 01:30:26]} {[%emt 00:00:36]}
Bg4 {[%clk 01:26:34]} {[%emt 00:04:41]} 6. Be2 {[%clk 01:30:22]} {[%emt
00:00:33]} Nf6 {[%clk 01:25:25]} {[%emt 00:01:41]} 7. Nc3 {[%clk 01:29:45]}
{[%emt 00:01:05]} e6 {[%clk 01:24:27]} {[%emt 00:01:29]} 8. Ne1 {[%clk
01:27:55]} {[%emt 00:02:21]} Bxe2+ {[%clk 01:23:58]} {[%emt 00:00:59]} 9. Kxe2
{[%clk 01:28:15]} {[%emt 00:00:09]} Bb4 {[%clk 01:23:36]} {[%emt 00:00:52]} 10.
f3 {[%clk 01:25:57]} {[%emt 00:02:48]} O-O {[%clk 01:22:56]} {[%emt 00:01:10]}
11. Bd2 {[%clk 01:24:13]} {[%emt 00:02:14]} Nbd7 {[%clk 01:21:16]} {[%emt
00:02:08]} 12. Nd3 {[%clk 01:23:56]} {[%emt 00:00:49]} Be7 {[%clk 01:20:50]}
{[%emt 00:00:55]} 13. a4 {[%clk 01:17:35]} {[%emt 00:06:51]} Nc5 {[%clk
01:19:19]} {[%emt 00:02:02]} 14. Be3 {[%clk 01:11:35]} {[%emt 00:06:30]} Nxd3
{[%clk 01:18:04]} {[%emt 00:01:45]} 15. cxd3 {[%clk 01:10:43]} {[%emt
00:01:22]} a6 {[%clk 01:13:24]} {[%emt 00:05:11]} 16. a5 {[%clk 01:07:25]}
{[%emt 00:03:47]} Rfd8 {[%clk 01:10:17]} {[%emt 00:03:36]} 17. d4 {[%clk
00:58:31]} {[%emt 00:09:24]} Rd7 {[%clk 01:07:59]} {[%emt 00:02:49]} 18. Na4
{[%clk 00:58:45]} {[%emt 00:00:17]} Bd8 {[%clk 01:07:36]} {[%emt 00:00:53]} 19.
b4 {[%clk 00:55:27]} {[%emt 00:03:47]} Re7 {[%clk 01:05:39]} {[%emt 00:02:26]}
20. Rac1 {[%clk 00:50:40]} {[%emt 00:05:19]} Bc7 {[%clk 01:04:44]} {[%emt
00:01:22]} 21. g4 {[%clk 00:46:03]} {[%emt 00:05:09]} Nd7 {[%clk 01:02:27]}
{[%emt 00:02:46]} 22. h4 {[%clk 00:44:29]} {[%emt 00:02:05]} Nf8 {[%clk
01:01:53]} {[%emt 00:01:04]} 23. h5 {[%clk 00:42:01]} {[%emt 00:02:59]} Ree8
{[%clk 01:00:36]} {[%emt 00:01:47]} 24. Kf2 {[%clk 00:40:12]} {[%emt 00:02:18]}
Bd6 {[%clk 00:59:43]} {[%emt 00:01:24]} 25. Nc5 {[%clk 00:39:11]} {[%emt
00:01:31]} Rab8 {[%clk 00:58:56]} {[%emt 00:01:15]} 26. Rhd1 {[%clk 00:35:32]}
{[%emt 00:04:12]} Bxc5 {[%emt 00:00:57]} 27. bxc5 {[%clk 00:35:30]} {[%emt
00:00:13]} Rbd8 {[%clk 00:57:56]} {[%emt 00:01:21]} 28. Rb1 {[%clk 00:35:44]}
{[%emt 00:00:17]} Rd7 {[%clk 00:58:04]} {[%emt 00:00:23]} 29. Rb6 {[%clk
00:34:56]} {[%emt 00:01:17]} f6 {[%clk 00:58:08]} {[%emt 00:00:25]} 30. Rdb1
{[%clk 00:35:00]} {[%emt 00:00:27]} Ree7 {[%clk 00:57:59]} {[%emt 00:00:38]}
31. h6 {[%clk 00:30:37]} {[%emt 00:04:54]} g5 {[%clk 00:57:31]} {[%emt
00:00:57]} 32. e5 {[%clk 00:28:55]} {[%emt 00:02:13]} Kf7 {[%clk 00:57:22]}
{[%emt 00:00:39]} 33. Rh1 {[%clk 00:25:57]} {[%emt 00:03:28]} Ng6 {[%clk
00:54:22]} {[%emt 00:03:28]} 34. exf6 {[%clk 00:24:42]} {[%emt 00:01:47]} Kxf6
{[%clk 00:54:32]} {[%emt 00:00:19]} 35. Rb4 {[%clk 00:21:07]} {[%emt 00:04:06]}
Rf7 {[%clk 00:51:35]} {[%emt 00:03:27]} 36. Kg3 {[%clk 00:19:56]} {[%emt
00:01:41]} e5 {[%clk 00:47:28]} {[%emt 00:04:37]} 37. Rh5 {[%clk 00:18:11]}
{[%emt 00:02:14]} exd4 {[%clk 00:46:16]} {[%emt 00:01:42]} 38. Bxd4+ {[%clk
00:18:34]} {[%emt 00:00:08]} Ke6 {[%clk 00:45:13]} {[%emt 00:01:32]} 39. Rxg5
{[%clk 00:18:22]} {[%emt 00:00:43]} Rd5 {[%clk 00:44:33]} {[%emt 00:01:10]} 40.
Rxd5 {[%clk 00:18:01]} {[%emt 00:00:51]} Kxd5 {[%clk 00:44:53]} {[%emt
00:00:10]} 41. Be3 {[%clk 00:16:08]} {[%emt 00:02:23]} Nf8 {[%clk 00:39:08]}
{[%emt 00:06:14]} 42. Rd4+ {[%clk 00:15:58]} {[%emt 00:00:39]} Ke5 {[%clk
00:38:21]} {[%emt 00:01:17]} 43. f4+ {[%clk 00:15:37]} {[%emt 00:00:51]} Ke6
{[%clk 00:37:29]} {[%emt 00:01:22]} 44. Rd6+ {[%clk 00:15:53]} {[%emt
00:00:14]} Ke7 {[%clk 00:37:21]} {[%emt 00:00:37]} 45. f5 {[%clk 00:15:23]}
{[%emt 00:01:03]} Nd7 {[%clk 00:36:41]} {[%emt 00:01:08]} 46. Rd1 {[%clk
00:12:53]} {[%emt 00:02:59]} Ne5 {[%clk 00:34:03]} {[%emt 00:03:09]} 47. Bg5+
{[%clk 00:12:56]} {[%emt 00:00:27]} Rf6 {[%clk 00:33:49]} {[%emt 00:00:44]} 48.
Rd6 {[%clk 00:12:04]} {[%emt 00:01:23]} Nd7 {[%clk 00:33:55]} {[%emt 00:00:20]}
49. Rxd7+ {[%clk 00:11:38]} {[%emt 00:01:00]} Kxd7 {[%emt 00:00:27]} 50. Bxf6
{[%clk 00:11:57]} {[%emt 00:00:08]} Ke8 {[%clk 00:34:12]} {[%emt 00:00:17]} 51.
g5 {[%clk 00:12:19]} {[%emt 00:00:08]} Kf7 {[%clk 00:34:29]} {[%emt 00:00:06]}
52. g6+ {[%clk 00:12:39]} {[%emt 00:00:18]} Kg8 {[%clk 00:34:44]} {[%emt
00:00:14]} 53. Kf4 {[%clk 00:12:08]} {[%emt 00:01:00]} Kf8 {[%clk 00:34:55]}
{[%emt 00:00:19]} 54. gxh7 {[%clk 00:12:22]} {[%emt 00:00:17]} Kf7 {[%clk
00:34:59]} {[%emt 00:00:23]} 55. h8=Q {[%clk 00:12:15]} {[%emt 00:00:40]} 1-0